Cats / (Record no. 806)

MARC details
000 -LEADER
fixed length control field 00985nam a22002537a 4500
005 - DATE AND TIME OF LATEST TRANSACTION
control field 20230710105631.0
020 ## - INTERNATIONAL STANDARD BOOK NUMBER
International Standard Book Number 9780439689854
040 ## - CATALOGING SOURCE
Original cataloging agency FISKH
Language of cataloging eng
Transcribing agency FISKH
Modifying agency FISKH
050 ## - LIBRARY OF CONGRESS CALL NUMBER
Classification number 636.8
082 ## - DEWEY DECIMAL CLASSIFICATION NUMBER
Classification number SF445.7
100 ## - MAIN ENTRY--PERSONAL NAME
Personal name Milbourne, Anna.
245 ## - TITLE STATEMENT
Title Cats /
Statement of responsibility, etc. auditor: Milbourne, Anna ; illustrated by Donaera, Patrizia adn Fox Christyan
260 ## - PUBLICATION, DISTRIBUTION, ETC.
Place of publication, distribution, etc. New York:
Name of publisher, distributor, etc. Scholastic,
Date of publication, distribution, etc. 2003.
300 ## - PHYSICAL DESCRIPTION
Extent 32 pages:
Other physical details color illustrations,
Dimensions 21 cm.
505 ## - FORMATTED CONTENTS NOTE
Formatted contents note J
520 ## - SUMMARY, ETC.
Summary, etc. In this book you'll find the answers and learn lots more about the curious world of cats.Cats is part of an exciting series of books for children who are beginning to read on their own. The easy to read text has been specifically written with the help of a reading expert.
521 ## - TARGET AUDIENCE NOTE
Target audience note 510
Source Lexile <br/>
521 ## - TARGET AUDIENCE NOTE
Target audience note J <br/>
Source Raz-Plus <br/>
650 ## - SUBJECT ADDED ENTRY--TOPICAL TERM
Topical term or geographic name entry element zoology
Form subdivision pets
General subdivision science
650 ## - SUBJECT ADDED ENTRY--TOPICAL TERM
Topical term or geographic name entry element nature
Form subdivision kittens
942 ## - ADDED ENTRY ELEMENTS (KOHA)
Source of classification or shelving scheme Dewey Decimal Classification
Koha item type Books
Suppress in OPAC No
999 ## -
-- 806
-- 806
Holdings
Withdrawn status Lost status Source of classification or shelving scheme Damaged status Not for loan Collection Home library Current library Shelving location Date acquired Total Checkouts Full call number Barcode Date last seen Date last checked out Price effective from Koha item type
Withdrawn   Dewey Decimal Classification Damaged   Non-Fiction Footprints International School Library Network Toul Kork Campus Footprints International School Library Network Toul Kork Campus TK Primary Library Room(4th Floor), Bookcase 3&4, Shelves 17-32, Yellow Books 07/10/2023 2 MIL 636.8 SF445.7 FISBK05871 03/01/2024 02/02/2024 07/10/2023 Books